| 000 | 00493nam a22001457a 4500 | ||
|---|---|---|---|
| 020 | _a9789175953366 | ||
| 082 | _a004.68 MAL | ||
| 100 | _aMalik, Jamshaid Sarwar | ||
| 245 | _aGaussian Random Numbers and Filtered Gaussian Noise Wireless Channel models: A Hardware Perspective | ||
| 260 |
_aSweden _bKTH School of Information and Communication Technology _c2014 |
||
| 300 | _axix, 172 p. | ||
| 500 | _aIncludes index | ||
| 650 | _aWireless LANs. | Wireless communication systems. | ||
| 942 | _cBK | ||
| 999 |
_c13080 _d13080 |
||